La belleza ideal

Guardado en:
Detalles Bibliográficos
Autor principal: Arteaga, Esteban de (Autor)
Formato: Libro
Lenguaje:español
Publicado: Madrid Espasa-Calpe S. A 1955
Edición:1a. ed
Colección:Clásicos Castellanos, 122
Materias:
Etiquetas: Agregar Etiqueta
Sin Etiquetas, Sea el primero en etiquetar este registro!

MARC

LEADER 00000cam a2200000 a 4500
001 UCE4210
003 CL-VaPUC
008 141016e19550000sp |||||||||||||||||spa|d
082 0 4 |a 864  |b ART  |2 21 
100 0 |a Arteaga, Esteban de  |e author  |9 576791 
245 1 3 |a La belleza ideal 
250 |a 1a. ed 
300 |a 172 p 
942 |c BK 
945 |d 20141016 12:02:00  |a dcastane 
260 |a Madrid  |b Espasa-Calpe S. A  |c 1955 
650 0 |a Ensayos españoles  |9 313128 
650 0 |a Estética   |9 264950 
583 |a last modification  |c 20141016 12:02:00  |k Rodrigo Vera 
490 0 |a Clásicos Castellanos, 122 
999 |c 357247  |d 357245 
952 |0 0  |1 0  |3 erb  |4 0  |6 864_000000000000000_ART_1955  |7 0  |8 A  |9 465115  |a BIBEDU  |b BIBEDU  |i 5007836  |o 864 ART 1955  |p 5007836  |r 2019-11-23  |w 2019-11-23  |y BK  |z Catalogado en:20141016  |k FIL